Municipalities of Rhode Island - Statistics

General Stats
  • This quiz has been taken 11 times
  • The average score is 26 of 39
Answer Stats
Pop. (2020) Answer % Correct
47,139 East Providence
100%
34,114 North Providence
100%
190,934 Providence
100%
22,583 Central Falls
80%
14,312 East Greenwich
80%
6,460 Exeter
80%
22,529 Lincoln
80%
14,532 Narragansett
80%
25,163 Newport
80%
27,732 North Kingstown
80%
75,604 Pawtucket
80%
8,020 Richmond
80%
31,931 South Kingstown
80%
82,823 Warwick
80%
6,528 West Greenwich
80%
31,012 West Warwick
80%
43,420 Woonsocket
80%
16,158 Burrillville
60%
7,997 Charlestown
60%
35,688 Coventry
60%
82,934 Cranston
60%
36,405 Cumberland
60%
4,469 Foster
60%
5,559 Jamestown
60%
29,568 Johnston
60%
3,616 Little Compton
60%
17,075 Middletown
60%
1,410 New Shoreham
60%
12,588 North Smithfield
60%
17,871 Portsmouth
60%
22,118 Smithfield
60%
16,359 Tiverton
60%
11,147 Warren
60%
23,359 Westerly
60%
17,153 Barrington
40%
22,493 Bristol
40%
8,398 Hopkinton
40%
10,384 Scituate
40%
9,974 Glocester
20%
No matching quizzes found
Score Distribution
Percent of People with Each Score
Percentile by Number Answered
Your Score History
You have not taken this quiz